000 02027nam a2200553 i 4500
001 25153
003 KOSZ 005
005 20200508132712.0
008 970510s1995 pl f |000 0 pol
015 _aUWD 1995/7846
035 _a991000098569705066
035 _a(PL-WaBN)b10069951-48omnis_nlop
035 _ab10069951
035 _a(OCoLC)833963664
035 _a(PL)b0000001006995
035 _a(EXLNZ-48OMNIS_NETWORK)9910195499905606
040 _aWA N
_cWA N
_dKOSZ 005/EG
080 _a347.4
080 _a342.951
080 _a351.82
080 _a(438)
080 _a(075.8)
245 1 0 _aPrawo umów w obrocie gospodarczym /
_cnapisali Wojciech J[an] Katner [et al.] ; pod red. Stanisława Włodyki.
260 _aKraków :
_bWydawnictwa IPSiIZ,
_c1995.
300 _a327 s. ;
_c24 cm.
336 _aTekst
_btxt
_2rdacontent
337 _aBez urządzenia pośredniczącego
_bn
_2rdamedia
338 _aWolumin
_bnc
_2rdacarrier
380 _aKsiążki
380 _aPublikacje dydaktyczne
385 _mPoziom nauczania
_aSzkoły wyższe
388 _a1901-2000
388 _a1989-2000
490 1 _aWydawnictwa Instytutu Prawa Spółek i Inwestycji Zagranicznych. Seria A, Podręczniki i Opracowania Monograficzne ;
_v3
504 _aBibliogr. s. 319-327.
650 7 _aObrót pieniężny
_2DBN
650 7 _aObrót towarowy
_2DBN
650 7 _aPrawo gospodarcze
_2DBN
650 7 _aUmowa
_2DBN
651 7 _aPolska
_2DBN
655 7 _aPodręczniki akademickie
_2DBN
658 _aPrawo i wymiar sprawiedliwości
700 1 _aKatner, Wojciech Jan
_d(1950- )
_eAutor
700 1 _aWłodyka, Stanisław
_d(1924-2014)
_eRedakcja
830 0 _aWydawnictwa Instytutu Prawa Spółek i Inwestycji Zagranicznych.
_nSeria A,
_pPodręczniki i Opracowania Monograficzne
_v3
856 _uhttp://koha.tu.koszalin.pl/cgi-bin/koha/opac-detail.pl?biblionumber=25153
_yKatalog online BPK
942 _2UKD
_cKS
999 _c25153
_d25153